000 00367nam a2200145Ia 4500
008 130318s9999 xx 000 0 und d
020 _a8173713308
082 _a658.4 MIL/M
100 _aMill, Cherry
245 _aManaging for the first time
260 _bUniversities Press
_aHyderabad
_c2000
300 _a75
440 _aManagement Shapers
650 _aMANAGEMENT
999 _c210
_d210